Ligue 1 2025-2026 - Stemmi - Statistics

Statistiche generali
  • Questo quiz è stato fatto 29 volte
    7 dall'ultimo reset
  • Il punteggio medio è 16 su 18
Statistiche sulle risposte
con Immagini Risposta % Corretto
Monaco
100%
Nantes
100%
Nizza
100%
Olympique Lione
100%
Olympique Marsiglia
100%
Paris Saint-Germain
100%
Rennes
100%
Strasburgo
100%
Tolosa
100%
Auxerre
86%
Brest
86%
Lens
86%
Lille
86%
Metz
86%
Paris FC
86%
Le Havre
71%
Lorient
71%
Angers
57%
Nessun quiz corrispondente trovato
Distribuzione punteggi
Percentuale di utenti per punteggio
Percentile per numero di risposta
I tuoi punteggi nel tempo
Non hai fatto questo quiz dall'ultimo reset